000 01555nam a2200385Ia 4500
001 ebr10406786
003 CaPaEBR
006 m u
007 cr cn|||||||||
008 091222r20101618vtua sb 001 0 eng d
010 _z 2009050652
020 _z9780754641278 (hardback : alk. paper)
020 _z9781409403753 (ebook)
040 _aCaPaEBR
_cCaPaEBR
035 _a(OCoLC)754773617
050 1 4 _aTA544
_b.N82 2010eb
082 0 4 _a526.9
_222
100 1 _aNorden, John,
_d1548-1625?
240 1 0 _aSurveyors dialogue
245 1 0 _aJohn Norden's the Surveyor's dialogue (1618)
_h[electronic resource] /
_cedited by Mark Netzloff.
250 _aA critical ed.
260 _aBurlington, VT :
_bAshgate Pub. Company,
_c2010.
300 _axlii, 223 p. :
_bill.
490 1 _aLiterary and scientific cultures of early modernity
500 _aPreviously published: Printed by T. Snodham, London, 1618.
504 _aIncludes bibliographical references and index.
533 _aElectronic reproduction.
_bPalo Alto, Calif. :
_cebrary,
_d2011.
_nAvailable via World Wide Web.
_nAccess may be limited to ebrary affiliated libraries.
650 0 _aSurveying
_vEarly works to 1800.
650 0 _aAgriculture
_vEarly works to 1800.
655 7 _aElectronic books.
_2local
700 1 _aNetzloff, Mark.
710 2 _aebrary, Inc.
830 0 _aLiterary and scientific cultures of early modernity.
856 4 0 _uhttp://site.ebrary.com/lib/rucke/Doc?id=10406786
_zAn electronic book accessible through the World Wide Web; click to view
999 _c81169
_d81169